000 00699nam a2200193Ii 4500
003 JO-AjNU
008 230605s9999||||xx |||||||||||||| ||und||
040 _aJO-AjNU
_bara
_erda
_cJO-AjNU
041 _aara
050 1 4 _aHG4026.H32 2009
100 3 _aحداد، فايز سليم,
_eauthor
_945164
245 0 0 _aالادارة المالية = Corporate Finance
264 3 1 _aعمان: دار الحامد للنشر والتوزيع، 2009
300 _a431ص
_bيحتوي على جداول وببلوغرافية من 420-431ص
336 _atext
_btxt
_2rdacontent
337 _aunmediated
_bn
_2rdamedia
338 _avolume
_bnc
_2rdacarrier
650 4 _aالادارة المالية
_945165
999 _aA19557
_c23125
_d23125